| 000 | 00000cam 2200000zi 4500 |
| 001 | 9.963031 |
| 003 | CaOODSP |
| 005 | 20260604140300 |
| 006 | m o d f |
| 007 | cr cn||||||||| |
| 008 | 260525e20260520oncado ob f000 0 eng d |
| 020 | |a9780662229865 |
| 040 | |aCaOODSP|beng|erda|cCaOODSP |
| 043 | |an-cn--- |
| 086 | 1 |aNR16-501/2026E-PDF |
| 245 | 10|aWhite paper : |bAI-enabled integrated nanophotonics at the NRC : design, fabrication, and optical metrology / |cDan-Xia Xu, Yuri Grinberg. |
| 246 | 17|aAI-enabled integrated nanophotonics at the NRC |
| 264 | 1|a[Ottawa] : |bNational Research Council Canada = Conseil national de recherches Canada, |cMay 20, 2026. |
| 264 | 4|c©2026 |
| 300 | |a1 online resource (16 pages) : |billustrations, graphs, photographs |
| 336 | |atext|btxt|2rdacontent |
| 337 | |acomputer|bc|2rdamedia |
| 338 | |aonline resource|bcr|2rdacarrier |
| 500 | |aCover title. |
| 500 | |a"Report No NRC-QN-AEP-113, NRC-DT-1288." |
| 504 | |aIncludes bibliographical references (pages 14-16). |
| 520 | |a"This document presents recent advances by the National Research Council of Canada (NRC) team and collaborators in AI-enabled photonics, organized around three interconnected pillars: design, fabrication, and metrology. These efforts have been supported by the NRC AI for Design (AI4D) Challenge Program and the High Throughput and Secure Networks (HTSN) Challenge Program. Together, these developments illustrate how machine learning can accelerate device optimization, improve robustness to fabrication variability, and enable more reliable translation from concept to practical implementation. Although the work presented here focuses primarily on silicon photonics, a leading platform for integrated photonics, the underlying methodologies are platform-agnostic. They provide a foundation that can be extended to a broader range of material systems, including III–V compound semiconductors and heterogeneous integration platforms, supporting future photonic technologies across diverse applications"--Introduction, pages 4-5. |
| 650 | 0|aNanophotonics. |
| 650 | 0|aMetrology|xResearch|zCanada. |
| 650 | 0|aArtificial intelligence|xResearch|zCanada. |
| 650 | 6|aNanophotonique. |
| 650 | 6|aMétrologie|xRecherche|zCanada. |
| 650 | 6|aIntelligence artificielle|xRecherche|zCanada. |
| 710 | 1 |aNational Research Council Canada. |bQuantum and Nanotechnologies Research Centre, |eissuing body. |
| 710 | 1 |aNational Research Council Canada. |bDigital Technologies Research Centre, |eissuing body. |
| 856 | 40|qPDF|s1.32 MB|uhttps://publications.gc.ca/collections/collection_2026/cnrc-nrc/NR16-501-2026-eng.pdf |